Statistics for Presidential Actors

Click here to take the quiz!

General Stats

  • This quiz has been taken 5,214 times
  • The average score is 6 of 15

Answer Stats

PresidentMovie or ShowActor% Correct
Abraham LincolnLincolnDaniel Day-Lewis
87%
James MarshallAir Force OneHarrison Ford
73%
Theodore RooseveltNight at the MuseumRobin Williams
72%
Josiah BartletWest WingMartin Sheen
63%
Tom BeckDeep ImpactMorgan Freeman
44%
Thomas J. WhitmoreIndependence DayBill Pullman
43%
George W. BushW.Josh Brolin
41%
Richard NixonNixonAnthony Hopkins
34%
Jack StantonPrimary ColorsJohn Travolta
34%
Franklin D. RooseveltHyde Park on HudsonBill Murray
32%
John AdamsJohn AdamsPaul Giamatti
32%
Merkin MuffleyDr. StrangelovePeter Sellers
32%
Barack ObamaSaturday Night LiveFred Armisen
22%
MacKenzie AllenCommander in ChiefGeena Davis
18%
David Palmer24Dennis Haysbert
14%

Score Distribution

Percentile by Number Answered

Percent of People with Each Score

Your Score History

You have not taken this quiz